[Event "Pula PCA op"]
[Site "Pula"]
[Date "1994.10.??"]
[Round "?"]
[White "Grguric, Dragan"]
[Black "Sale, Srdjan"]
[Result "0-1"]
[WhiteElo "2270"]
[BlackElo "2445"]

1. e4 c5 2. Nf3 e6 3. d4 cxd4 4. Nxd4 Bc5 5. Nb3 Bb6 6. Bd3 Ne7 7. O-O O-O
8. c4 Nbc6 9. Nc3 f5 10. c5 Bc7 11. Nb5 Bb8 12. Nd6 f4 13. Qh5 Ng6 14. Nd2
Nce5 15. Be2 Bxd6 16. cxd6 Qb6 17. a4 Qxd6 18. Ra3 Qe7 19. Rh3 h6 20. Nc4
Nxc4 21. Bxc4 Qf6 22. b3 b6 23. Ba3 Rf7 24. Bd6 Bb7 25. e5 Qf5 26. Bd3 Be4
27. Ba6 f3 28. g3 Bd3 29. Qxf5 Bxf5 30. g4 Bxg4 31. Rg3 Bh5 32. Bb7 Re8 33.
Re1 Nf4 34. Bxf3 Bxf3 35. Rxf3 Rc8 36. h4 Ne2+ 37. Kg2 Rxf3 38. Kxf3 Nd4+
39. Ke4 Nxb3 40. Kd3 Kf7 41. Re3 Nc5+ 42. Kd4 Nxa4 43. Rf3+ Kg8 44. h5 b5
45. Rb3 Rc4+ 46. Ke3 a6 0-1

[Event "Tenkes Cup op"]
[Site "Harkany"]
[Date "1994.11.??"]
[Round "6"]
[White "Czebe, Attila"]
[Black "Sale, Srdjan"]
[Result "0-1"]
[WhiteElo "2430"]
[BlackElo "2405"]

1. e4 c5 2. Nf3 e6 3. d4 cxd4 4. Nxd4 Bc5 5. Nb3 Bb6 6. Bd3 Ne7 7. Qe2 O-O
8. Be3 f5 9. N1d2 Bxe3 10. fxe3 fxe4 11. Nxe4 d5 12. Ng3 Nbc6 13. e4 Qb6
14. O-O-O Nb4 15. Rhf1 Bd7 16. Nh5 Nxd3+ 17. cxd3 Ng6 18. Kb1 Bb5 19. Rf3
a5 20. Nc1 a4 21. a3 Rac8 22. Rdf1 Rxf3 23. gxf3 Qd4 24. Re1 e5 25. Qd2 Rf8
26. Ka1 Bc6 27. Ng3 Nh4 28. Qg2 0-1

[Event "Hastings op 9495"]
[Site "Hastings"]
[Date "1994.12.??"]
[Round "8"]
[White "Har Zvi, Ronen"]
[Black "Basman, Michael J"]
[Result "0-1"]
[WhiteElo "2500"]
[BlackElo "2370"]

1. e4 c5 2. Nf3 e6 3. d4 cxd4 4. Nxd4 Bc5 5. Nb3 Bb6 6. Bd3 Ne7 7. O-O Nbc6
8. Nc3 O-O 9. Qh5 Ng6 10. Bg5 f6 11. Bd2 Nb4 12. Na4 Nxd3 13. Nxb6 axb6 14.
cxd3 e5 15. f4 d5 16. f5 Ne7 17. Rf3 Qe8 18. Qh4 Ra4 19. Qe1 dxe4 20. dxe4
Nc6 21. Qh4 Rf7 22. Raf1 Re7 23. Rg3 Qf8 24. Nc1 Rd7 25. Be3 Rdd4 26. Bxd4
Nxd4 27. Qh5 Bd7 28. b3 Ra8 29. a4 b5 30. Rh3 h6 31. Rg3 Rc8 32. Qxh6 Rxc1
33. Rxc1 Ne2+ 34. Kf2 Nxg3 35. Qe3 Nh5 36. Qd3 Qe8 37. Rc7 Bc6 38. axb5
Bxb5 39. Qd5+ Kh7 40. g3 Bc6 41. Qe6 Qd8 42. Rxc6 Qd2+ 43. Kf3 Qxh2 0-1

[Event "Biel op"]
[Site "?"]
[Date "1995.??.??"]
[Round "?"]
[White "Wolter, Kai"]
[Black "Sale, Srdjan"]
[Result "1/2-1/2"]
[WhiteElo "2245"]
[BlackElo "2390"]

1. e4 e6 2. d4 c5 3. Nf3 cxd4 4. Nxd4 Bc5 5. Nb3 Bb6 6. Bd3 Ne7 7. Nc3 O-O
8. O-O f5 9. Bg5 fxe4 10. Nxe4 d5 11. Ng3 h6 12. Qh5 Nbc6 13. Rae1 Bd7 14.
Bxh6 gxh6 15. Qxh6 Rf7 16. Nh5 Nf5 17. Bxf5 exf5 18. Qg6+ Kf8 19. Qh6+ Kg8
20. Qg6+ 1/2-1/2

[Event "AUT-chT2S 9596"]
[Site "Austria"]
[Date "1995.??.??"]
[Round "?"]
[White "Weiss, Leo"]
[Black "Meyer, Paul"]
[Result "0-1"]
[WhiteElo "2225"]
[BlackElo "2190"]

1. e4 c5 2. Nf3 e6 3. d4 cxd4 4. Nxd4 Bc5 5. Nb3 Bb6 6. c4 Ne7 7. Nc3 O-O
8. Bg5 Nbc6 9. Be2 f5 10. exf5 Bxf2+ 11. Kxf2 Rxf5+ 12. Bf3 Rxg5 13. Ne4
Re5 14. Re1 Nf5 15. Kg1 a5 16. c5 a4 17. Nbd2 Qe7 18. Kh1 Qh4 19. Kg1 d5
20. cxd6 Nxd6 21. Nxd6 Qd4+ 22. Kh1 Rxe1+ 23. Qxe1 Qxd6 24. Bxc6 Qxc6 25.
Rc1 Qe8 26. Rc7 Qd8 27. Qe5 Qf6 28. Qh5 Qg6 29. Qc5 Qe8 30. Qg5 Bd7 31. Ne4
Qf8 32. h4 Bc6 33. Qe5 Re8 34. Kh2 Bxe4 35. Qxe4 Qd6+ 0-1

[Event "CRO-chT"]
[Site "Makarska Tucepi"]
[Date "1995.??.??"]
[Round "?"]
[White "Vujakovic, Branko"]
[Black "Sale, Srdjan"]
[Result "1-0"]
[WhiteElo "2375"]
[BlackElo "2445"]

1. e4 c5 2. Nf3 e6 3. d4 cxd4 4. Nxd4 Bc5 5. Nb3 Bb6 6. Nc3 Ne7 7. Bg5 h6
8. Bh4 O-O 9. Qh5 f5 10. f3 Nbc6 11. Bd3 Qc7 12. Bxe7 Nxe7 13. O-O-O a6 14.
Kb1 Qf4 15. exf5 Nxf5 16. g3 Qg5 17. Qxg5 hxg5 18. Ne4 Bd8 19. g4 Ne3 20.
Rdg1 Rxf3 21. Nd6 Be7 22. Nd2 Rf4 23. Nxc8 Rxc8 24. h3 Bf6 25. Rg3 Nd5 26.
Be4 Rf2 27. Rd3 Rc5 28. Rc1 Be5 29. Nb3 Rc7 30. Bxd5 exd5 31. c3 d6 32.
Rcd1 Rcf7 33. Rxd5 Rh2 34. R5d3 Rff2 35. R1d2 Rxd2 36. Nxd2 Kf7 37. Nf3
Rh1+ 38. Kc2 Bf4 39. Nd4 g6 40. a4 Rh2+ 41. Kb3 Bc1 42. Nc2 Bf4 43. Nd4 Bc1
44. Nc2 Bf4 45. Na3 Ke6 46. Nc4 d5 47. Nb6 Bc1 48. Nxd5 Rxb2+ 49. Kc4 Bf4
50. Nb4 Rb1 51. Rd8 Ra1 52. Rg8 a5 53. Nc2 Rxa4+ 54. Kb3 b5 55. Rxg6+ Kd5
56. Ra6 Be5 57. c4+ Kc5 58. Re6 Bh2 59. cxb5 Rf4 60. Re5+ Kb6 61. Rxg5 Rf3+
62. Kc4 Rxh3 63. Rh5 Rxh5 64. gxh5 Bf4 65. Na3 Kc7 66. Kb3 Kd7 67. Ka4 Ke6
68. b6 Kf5 69. Kxa5 Kg5 70. b7 Kxh5 71. Kb6 Kg4 72. Nb5 Bb8 73. Nc7 Kf5 74.
Na6 1-0

[Event "Cannes Masters"]
[Site "Cannes"]
[Date "1995.??.??"]
[Round "11"]
[White "Shchekachev, Andrei"]
[Black "Sale, Srdjan"]
[Result "1-0"]
[WhiteElo "2460"]
[BlackElo "2390"]

1. e4 c5 2. Nf3 e6 3. d4 cxd4 4. Nxd4 Bc5 5. Nb3 Bb6 6. Nc3 Ne7 7. Bf4 d5
8. exd5 exd5 9. Bb5+ Nbc6 10. O-O O-O 11. Na4 Bc7 12. Bxc7 Qxc7 13. Re1 Ne5
14. Qd4 N7g6 15. Nc3 Be6 16. Nxd5 Bxd5 17. Qxd5 Rad8 18. Qc5 Qxc5 19. Nxc5
Rd5 20. b4 b6 21. c4 Rd4 22. Nb3 Rg4 23. Kf1 Nd3 24. Red1 Nge5 25. g3 Nxb4
26. c5 Rg6 27. a3 Nbc6 28. Rac1 Ne7 29. Nd4 Rf6 30. Re1 N5g6 31. c6 Nc8 32.
c7 Nge7 33. Nc6 Re6 34. Nxe7+ Nxe7 35. Red1 Re5 36. Rd8 Rxb5 37. c8=Q Nxc8
38. Rcxc8 Rxd8 39. Rxd8# 1-0

[Event "AUT-chT2O 9596"]
[Site "Austria"]
[Date "1995.??.??"]
[Round "1"]
[White "Ploner, Ferdinand"]
[Black "Todor, Razvan"]
[Result "1-0"]
[WhiteElo "2250"]
[BlackElo "2115"]

1. e4 e6 2. d4 c5 3. Nf3 cxd4 4. Nxd4 Bc5 5. Be3 Qb6 6. Nc3 Nc6 7. Na4 Qa5+
8. c3 Nxd4 9. Nxc5 Qxc5 10. Bxd4 Qg5 11. h4 Qg6 12. Qf3 Ne7 13. Rh3 Nc6 14.
Be3 Qf6 15. Qxf6 gxf6 16. Bc5 b6 17. Bd6 Rg8 18. Rd1 Bb7 19. Bc7 Rg4 20. f3
Rg8 21. Kf2 Ne7 22. Rh1 Bc6 23. Bd6 h5 24. Rd4 Ng6 25. g3 Ne5 26. Be2 b5
27. b4 Rg6 28. a4 a6 29. axb5 axb5 30. Rc1 Ra2 31. Rdd1 Nc4 32. Bc5 Kd8 33.
Ra1 Rc2 34. Ra6 Kc7 35. Ra7+ Kb8 36. Rda1 f5 37. Ke1 fxe4 38. Bxc4 bxc4 39.
b5 Bd5 40. Rxd7 exf3 41. Raa7 f2+ 42. Bxf2 Rg8 43. Bc5 Kc8 44. Bd6 1-0

[Event "Biel op"]
[Site "?"]
[Date "1995.??.??"]
[Round "?"]
[White "Kulaots, Kaido"]
[Black "Sale, Srdjan"]
[Result "1-0"]
[WhiteElo "2410"]
[BlackElo "2390"]

1. e4 e6 2. d4 c5 3. Nf3 cxd4 4. Nxd4 Bc5 5. Nb3 Bb6 6. Nc3 Ne7 7. Bg5 h6
8. Bh4 Nbc6 9. Qh5 O-O 10. Bd3 Qe8 11. O-O-O Ng6 12. Bg3 e5 13. Nd5 d6 14.
Nd2 Be6 15. Nc4 Bxd5 16. Nxd6 Qd7 17. exd5 Nb4 18. Bxg6 fxg6 19. Qxe5 Qa4
20. Qe2 Nxa2+ 21. Kb1 Nb4 22. Qc4 Bxf2 23. Rd2 Bxg3 24. hxg3 Rf6 25. Nb5
Qa5 26. d6+ Kh7 27. Rhd1 Nc6 28. d7 Rd8 29. Nc3 a6 30. Ne4 Rf5 31. g4 Re5
32. Nf6+ Kh8 33. Qf7 Nb4 34. Ne8 1-0

[Event "AUT-chT2S 9596"]
[Site "Austria"]
[Date "1995.??.??"]
[Round "?"]
[White "Kotz, Heinz Peter"]
[Black "Meyer, Paul"]
[Result "1/2-1/2"]
[WhiteElo "2275"]
[BlackElo "2190"]

1. e4 c5 2. Nf3 e6 3. d4 cxd4 4. Nxd4 Bc5 5. Nb3 Bb6 6. Nc3 Ne7 7. Bd3 O-O
8. O-O f5 9. Bg5 fxe4 10. Nxe4 d5 11. Ng3 h6 12. Qh5 Nbc6 13. Rad1 Bd7 14.
Bxh6 gxh6 15. Qxh6 Rf7 16. Nh5 Nf5 17. Bxf5 exf5 18. Rxd5 Qf8 19. Qg5+ Kh8
20. Rfd1 Re8 21. h4 Bd8 22. Qg3 Bc8 23. Nf4 Qh6 24. Rd6 Bf6 25. h5 Qg7 26.
Ng6+ Kh7 27. c3 Re4 28. f4 Be7 29. R6d3 a5 30. Nd2 Bc5+ 31. Kh1 Re8 32. Nf3
Rf6 33. Ng5+ Kg8 34. Rd5 b6 35. Qh4 Qh6 36. Nf3 Rf7 37. Ng5 Rg7 38. Nf3 Be6
39. R5d2 Bf7 40. Rd7 Bxg6 41. Rxg7+ Qxg7 42. hxg6 Qxg6 43. Nd4 Bxd4 44.
cxd4 Qh7 45. Qxh7+ Kxh7 46. d5 Rd8 47. d6 Kg6 48. d7 Kf7 49. Rd6 Ne7 50. a4
Ng8 51. Rxb6 Rxd7 52. Rb5 Nh6 53. Rxa5 Rb7 54. Rb5 Rxb5 55. axb5 Ng8 56. b6
Nf6 57. b7 Nd7 58. Kh2 Ke6 59. Kh3 Nb8 60. Kh4 Kf6 61. b4 Nd7 62. b5 Ke6
63. Kg5 Nb8 64. g4 fxg4 65. Kxg4 Kd6 66. Kf5 Nd7 67. b6 Nb8 68. Kf6 Kc6 69.
Ke6 Kxb6 70. f5 Kxb7 71. f6 Kc7 1/2-1/2

[Event "Zadar op (Women)"]
[Site "Zadar"]
[Date "1995.??.??"]
[Round "?"]
[White "Jelica, Mara"]
[Black "Macek, Vlasta"]
[Result "1-0"]
[WhiteElo "2140"]
[BlackElo "2260"]

1. e4 c5 2. Nf3 e6 3. d4 cxd4 4. Nxd4 Bc5 5. Nb3 Bb6 6. Nc3 Ne7 7. Bf4 O-O
8. Bd3 Nbc6 9. Bd6 a6 10. O-O Bc7 11. Bxc7 Qxc7 12. f4 b5 13. e5 f5 14.
exf6 Rxf6 15. Qh5 g6 16. Qh4 Rf7 17. Ne4 Nf5 18. Nf6+ Kh8 19. Qg5 Qd8 20.
Ne4 Qb6+ 21. Kh1 Bb7 22. Rf3 Ncd4 23. Rh3 Bxe4 24. Bxe4 Rg8 25. Rd1 Nxb3
26. axb3 d5 27. Bd3 a5 28. Re1 b4 29. g4 Qf2 30. Rxe6 Nd4 31. Qe5+ Rfg7 32.
Rxh7+ 1-0

[Event "Berlin op"]
[Site "?"]
[Date "1995.??.??"]
[Round "?"]
[White "Erneste, Inguna"]
[Black "Sale, Srdjan"]
[Result "1/2-1/2"]
[WhiteElo "2290"]
[BlackElo "2390"]

1. e4 e6 2. d4 c5 3. Nf3 cxd4 4. Nxd4 Bc5 5. Nb3 Bb6 6. Nc3 Ne7 7. Be2 O-O
8. Bf4 d5 9. exd5 exd5 10. O-O Nbc6 11. Bf3 Be6 12. Na4 Bc7 13. Bxc7 Qxc7
14. Nac5 Ne5 15. c3 Rad8 16. Re1 N7g6 17. Nd3 f6 18. Nd4 Bc8 19. Be2 Rfe8
20. g3 Qb6 21. Qb3 Qd6 22. Nb5 Qb8 23. Nb4 Be6 24. Nd4 Bf7 25. Bb5 Re7 26.
f4 Ng4 27. Rxe7 Nxe7 28. Re1 Qd6 29. Bf1 Nc6 30. Nbc2 Qc7 31. Bg2 h5 32.
Qb5 Qb6 33. Qxb6 axb6 34. h3 Nh6 35. Bf3 Kf8 36. Kf2 Ng8 37. Ne6+ Bxe6 38.
Rxe6 h4 39. Nd4 hxg3+ 40. Kxg3 Nge7 41. Nb5 Nf5+ 42. Kf2 Kf7 43. Re2 Nce7
44. Rd2 Nd6 45. Nc7 Nc4 46. Re2 Rd7 47. Nb5 Nd6 48. Nxd6+ Rxd6 49. Rd2 Ke6
50. Re2+ Kd7 51. Rd2 Kc7 52. Rd4 Rd8 53. c4 dxc4 54. Rxd8 Kxd8 55. Bxb7 Kc7
56. Ba6 Nd5 57. Kf3 c3 58. bxc3 Nxc3 59. Bc4 Kd6 60. Kg4 Nd1 61. Kh5 Ne3
62. Bb3 Ng2 63. Kg4 Ne3+ 64. Kh5 Ng2 65. Kg4 Ne3+ 66. Kh5 1/2-1/2

[Event "AUT-chT2W 9596"]
[Site "Austria"]
[Date "1995.??.??"]
[Round "?"]
[White "Doskocil, Klaus"]
[Black "Dizdar, Goran"]
[Result "0-1"]
[WhiteElo "2355"]
[BlackElo "2510"]

1. e4 e6 2. d4 c5 3. Nf3 cxd4 4. Nxd4 Bc5 5. Nb3 Bb6 6. Be2 Ne7 7. O-O O-O
8. c4 f5 9. c5 Bc7 10. Nc3 Nbc6 11. Bg5 b6 12. Qd2 bxc5 13. Nxc5 fxe4 14.
N5xe4 d5 15. Ng3 h6 16. Bxe7 Nxe7 17. Rad1 Ng6 18. Qc2 Nf4 19. Bb5 Rb8 20.
Nge2 a6 21. Ba4 Rb4 22. Nxf4 Rbxf4 23. Ne2 R4f7 24. Bb3 Bb6 25. Nd4 Rf4 26.
Nf3 Bd7 27. a4 Qf6 28. Rd3 Be8 29. Rc3 Bg6 30. Qd1 Be4 31. Bc2 g5 32. h3 g4
33. hxg4 Rxg4 34. Kh1 Rh4+ 35. Nxh4 Qxh4+ 36. Kg1 Bxf2+ 37. Rxf2 Qxf2+ 38.
Kh1 Qxg2# 0-1

[Event "Mravinci-A"]
[Site "Mravinci"]
[Date "1995.??.??"]
[Round "?"]
[White "Cvorovic, Drazen"]
[Black "Sale, Srdjan"]
[Result "0-1"]
[WhiteElo "2425"]
[BlackElo "2390"]

1. e4 e6 2. Nf3 c5 3. d4 cxd4 4. Nxd4 Bc5 5. Be3 Nf6 6. Nd2 d6 7. c3 a6 8.
Bd3 Nbd7 9. h3 Ba7 10. Qe2 Qc7 11. O-O O-O 12. Kh1 Re8 13. Bg5 b5 14. N4b3
Nb6 15. Nf3 Nfd7 16. Rad1 Bb7 17. Nfd4 Ne5 18. Bb1 Nbc4 19. Bc1 Ng6 20. Qh5
d5 21. exd5 Bxd5 22. Rd3 Be4 23. Qe2 Bb8 24. f4 Bxd3 25. Bxd3 Ba7 26. Nf3
Rad8 27. Bc2 Nd6 28. Qe1 Nf5 29. Ng5 h6 30. Ne4 Qc6 31. Kh2 Bb8 32. g3 Nge7
33. g4 Nd6 34. Ng3 Nd5 35. Nd4 Qc7 36. Nh5 Ba7 37. Nf3 Nc4 38. Qh4 Nce3 39.
Rf2 Nxf4 40. Nf6+ gxf6 41. Qxh6 Ng6+ 0-1

[Event "AUT-chT2S 9596"]
[Site "Austria"]
[Date "1995.??.??"]
[Round "?"]
[White "Brod, Manfred"]
[Black "Meyer, Paul"]
[Result "1/2-1/2"]
[WhiteElo "2255"]
[BlackElo "2190"]

1. e4 c5 2. Nf3 e6 3. d4 cxd4 4. Nxd4 Bc5 5. Nb3 Bb6 6. c4 Ne7 7. Nc3 O-O
8. c5 Bc7 9. Nb5 f5 10. Nxc7 Qxc7 11. Qd6 Qxd6 1/2-1/2

[Event "NRW-Liga I"]
[Site "?"]
[Date "1995.??.??"]
[Round "?"]
[White "Brenke, Andreas"]
[Black "Dormann, Lars"]
[Result "1/2-1/2"]
[WhiteElo "2285"]
[BlackElo "2285"]

1. d4 c5 2. e4 cxd4 3. Nf3 e6 4. Nxd4 Bc5 5. Nb3 Bb6 6. Nc3 Ne7 7. Be2 Nbc6
8. O-O O-O 9. Bf4 d5 10. exd5 Nxd5 11. Nxd5 exd5 12. Qd2 Qf6 13. c3 d4 14.
cxd4 Nxd4 15. Nxd4 1/2-1/2

[Event "Portoroz op"]
[Site "Portoroz"]
[Date "1995.04.??"]
[Round "?"]
[White "Zontakh, Andrey"]
[Black "Sale, Srdjan"]
[Result "0-1"]
[WhiteElo "2460"]
[BlackElo "2390"]

1. e4 c5 2. Nf3 e6 3. d4 cxd4 4. Nxd4 Bc5 5. Nb3 Bb6 6. Be2 Ne7 7. c4 O-O
8. Nc3 f5 9. O-O Nbc6 10. c5 Bc7 11. f4 fxe4 12. Nxe4 b6 13. Kh1 Bb7 14.
Nd6 Bxd6 15. Qxd6 Nf5 16. Qd1 Rf6 17. Bf3 Rh6 18. Qe1 Ba6 19. Rg1 Nb4 20.
g4 Nd3 21. Qd2 Qh4 22. Rg2 Ne1 23. Bxa8 Nxg2 24. Qxg2 Qe1+ 25. Qg1 Ng3+ 0-1

[Event "Portoroz op"]
[Site "Portoroz"]
[Date "1995.04.??"]
[Round "?"]
[White "Dilic, Roberto"]
[Black "Sale, Srdjan"]
[Result "0-1"]
[WhiteElo "1925"]
[BlackElo "2390"]

1. e4 e6 2. d4 c5 3. Nf3 cxd4 4. Nxd4 Bc5 5. Nb3 Bb6 6. Bd3 Ne7 7. Nc3 Nbc6
8. Qe2 O-O 9. Be3 f5 10. Bxb6 Qxb6 11. exf5 Nxf5 12. O-O d5 13. Rad1 a5 14.
Bxf5 Rxf5 15. Qb5 Qc7 16. Nd4 Nxd4 17. Rxd4 Bd7 18. Qd3 Raf8 19. Qg3 Qb6
20. Rg4 R5f7 21. b3 d4 22. Ne4 e5 23. Rg5 Qc6 24. Rxe5 Qxc2 25. f3 Bc6 26.
Qf2 Qd3 27. Re6 h6 28. h3 Rf4 29. Qe1 Bxe4 30. Rxe4 Rxe4 31. Qxe4 Qxe4 32.
fxe4 Rxf1+ 33. Kxf1 Kf7 34. Ke2 Ke6 35. h4 Ke5 36. Kd3 h5 37. a3 b5 0-1

[Event "Ljubljana op 6th"]
[Site "Ljubljana"]
[Date "1995.06.??"]
[Round "6"]
[White "Podkriznik, Gregor"]
[Black "Sale, Srdjan"]
[Result "0-1"]
[WhiteElo "2210"]
[BlackElo "2445"]

1. e4 e6 2. d4 c5 3. Nf3 cxd4 4. Nxd4 Bc5 5. Nb3 Bb6 6. c4 Ne7 7. Nc3 O-O
8. c5 Bc7 9. Nb5 b6 10. Nxc7 Qxc7 11. cxb6 axb6 12. Bd3 Ba6 13. O-O f5 14.
exf5 Nxf5 15. Bxa6 Rxa6 16. Qe2 Ra4 17. Be3 Nc6 18. Nd2 Rh4 19. g3 Rb4 20.
b3 Qe5 21. Rae1 Qd5 22. f4 Ra8 23. Nc4 Nxe3 24. Nxe3 Qa5 25. Rf2 Re4 26.
Qd2 Qc5 27. Ng2 Rd4 28. Qc1 Nb4 29. Qxc5 bxc5 30. Ra1 Kf7 31. a4 Ke7 32.
Nh4 Nd3 33. Rd2 Nxf4 34. Rc2 Nd3 35. Nf3 Rd5 36. Rd1 Rf8 37. Ne1 Nb4 38.
Rxd5 Nxc2 39. Re5 d6 40. Re2 Nd4 41. Ra2 Nxb3 42. a5 Ra8 43. a6 Nd4 44. Nd3
Nc6 0-1

[Event "Ljubljana op 6th"]
[Site "Ljubljana"]
[Date "1995.06.??"]
[Round "2"]
[White "Guid, Matej"]
[Black "Sale, Srdjan"]
[Result "0-1"]
[WhiteElo "2155"]
[BlackElo "2445"]

1. e4 e6 2. d4 c5 3. Nf3 cxd4 4. Nxd4 Bc5 5. Nb3 Bb6 6. Nc3 Ne7 7. Bd3 O-O
8. O-O f5 9. Be3 Nbc6 10. Bxb6 Qxb6 11. Qe2 f4 12. a4 f3 13. Qe3 Qc7 14.
Nd2 fxg2 15. Kxg2 Ng6 16. Ne2 b6 17. c3 Nce5 18. f3 Qc5 19. Qxc5 bxc5 20.
Bb5 a6 21. Bc4 Rb8 22. Rab1 Bb7 23. Ba2 a5 24. b4 cxb4 25. cxb4 axb4 26. f4
Ba6 27. fxe5 Bxe2 28. Rfe1 Bd3 0-1

[Event "Biel MTO op"]
[Site "Biel"]
[Date "1995.07.??"]
[Round "2"]
[White "Sokolov, Andrei"]
[Black "Sale, Srdjan"]
[Result "1-0"]
[WhiteElo "2585"]
[BlackElo "2445"]

1. e4 e6 2. d4 c5 3. Nf3 cxd4 4. Nxd4 Bc5 5. Nb3 Bb6 6. Nc3 Ne7 7. Qh5 O-O
8. Bg5 f5 9. O-O-O Nbc6 10. exf5 Rxf5 11. Bd3 g6 12. Qh6 Rf7 13. Ne4 Nf5
14. Qh3 Qf8 15. g4 Nfd4 16. Bh6 Qe7 17. Bg5 Qf8 18. Bh6 Qe7 19. Nxd4 Nxd4
20. Ng5 Rf6 21. c3 Nc6 22. Ne4 Rf7 23. Bg5 Qf8 24. Bh6 Rf3 25. Bxf8 Rxh3
26. Bd6 Rf3 27. h4 Bd8 28. h5 g5 29. h6 b6 30. Rh5 Bb7 31. Nxg5 Rxf2 32.
Bxh7+ Kh8 33. Be4 Bxg5+ 34. Rxg5 Rg8 35. Rxg8+ Kxg8 36. h7+ Kh8 37. Rh1 Re2
38. Bf8 1-0

[Event "Biel MTO op"]
[Site "Biel"]
[Date "1995.07.??"]
[Round "6"]
[White "Kalevic, Sanja"]
[Black "Sale, Srdjan"]
[Result "0-1"]
[WhiteElo "2320"]
[BlackElo "2445"]

1. e4 e6 2. d4 c5 3. Nf3 cxd4 4. Nxd4 Bc5 5. Nb3 Bb6 6. c4 Ne7 7. Nc3 O-O
8. Be2 f5 9. c5 Bc7 10. Bg5 Nbc6 11. exf5 Rxf5 12. Bh4 b6 13. Bd3 Re5+ 14.
Be4 Ba6 15. f4 Rxe4+ 16. Nxe4 Bxf4 17. g3 Bh6 18. Ng5 Ne5 19. Nxe6 Qe8 20.
Nf4 Bxf4 21. gxf4 Nd3+ 22. Kd2 Nf5 23. Qf3 Nxh4 24. Qd5+ Kh8 25. cxb6 Nxf4
26. Rae1 Nxd5 27. Rxe8+ Rxe8 28. bxa7 Nf3+ 29. Kc2 Rc8+ 30. Kd1 Ne3# 0-1

[Event "Berliner Sommer 13th"]
[Site "Berlin"]
[Date "1995.08.??"]
[Round "8"]
[White "Malisauskas, Vidmantas"]
[Black "Sale, Srdjan"]
[Result "1/2-1/2"]
[WhiteElo "2510"]
[BlackElo "2445"]

1. e4 e6 2. d4 c5 3. Nf3 cxd4 4. Nxd4 Bc5 5. Nb3 Bb6 6. Nc3 Ne7 7. Bf4 d5
8. exd5 exd5 9. Bd3 Nbc6 10. O-O O-O 11. Qh5 f5 12. Rfe1 Ng6 13. Bg5 Qd6
14. Rad1 Nce5 15. Nb5 Qb4 16. Be2 Nf4 17. Bxf4 Qxf4 18. N5d4 Nc4 19. Qf3
Qxf3 20. Bxf3 Nxb2 21. Bxd5+ Kh8 22. Rd2 Na4 23. c4 Nc5 24. Rdd1 Rb8 25.
Nb5 h6 26. Nd6 Kh7 27. Nxc5 Bxc5 28. Nxc8 Rfxc8 29. Be6 Rf8 30. Re5 Rbd8
31. Rxd8 Rxd8 32. Bxf5+ g6 33. Bc2 b6 34. Re2 Kg7 35. g3 Kf6 36. Be4 Rd1+
37. Kg2 Bb4 38. Re3 Rd2 39. Rf3+ Kg7 40. Bd5 g5 41. Rf7+ Kg6 42. Rd7 Kf6
43. Rxa7 Bc5 44. Rh7 Rxf2+ 45. Kh3 g4+ 46. Kxg4 Rxh2 47. a4 Ke5 48. Bf7 Be3
49. Bg6 Kf6 50. Be4 Ra2 51. Ra7 Ra3 52. Bd5 Ke5 53. Re7+ Kd4 54. Re6 Kc5
55. Kf3 Bg5+ 56. Kf2 Rb3 57. Kg2 Be3 58. Kf3 Bg5+ 59. Kg4 Be3 60. Kf5 Ra3
61. g4 Kb4 62. Re4 Kc5 63. Kg6 Bg5 64. Re6 Be3 65. Kg7 Kb4 66. Re4 Bg5 67.
Re6 Be3 1/2-1/2

[Event "Berliner Sommer 13th"]
[Site "Berlin"]
[Date "1995.08.??"]
[Round "2"]
[White "Leusch, Gernot"]
[Black "Dizdar, Goran"]
[Result "0-1"]
[WhiteElo "2110"]
[BlackElo "2535"]

1. e4 e6 2. Nf3 c5 3. d4 cxd4 4. Nxd4 Bc5 5. c3 a6 6. Be2 Qc7 7. O-O Nf6 8.
Bf3 d6 9. Be3 Nbd7 10. Nd2 Ne5 11. Be2 b5 12. Rc1 d5 13. Bf4 dxe4 14. a4
bxa4 15. Qxa4+ Bd7 16. Bb5 O-O 17. Bxe5 axb5 18. Qxa8 Qxe5 19. Qa6 Ng4 20.
g3 e3 21. N2f3 exf2+ 22. Rxf2 Qe3 23. Rc2 Nxf2 24. Rxf2 e5 25. b4 Bh3 26.
Qa1 Bb6 0-1

[Event "Budapest FS11 IM-B"]
[Site "Budapest"]
[Date "1995.11.??"]
[Round "10"]
[White "Turzo, Attila"]
[Black "Levacic, Patrick"]
[Result "1/2-1/2"]
[WhiteElo "2310"]
[BlackElo "2345"]

1. e4 c5 2. Nf3 e6 3. d4 cxd4 4. Nxd4 Bc5 5. Nb3 Bb6 6. Nc3 Ne7 7. Bg5 Nbc6
8. Qd2 f6 9. Be3 f5 10. O-O-O O-O 11. g3 fxe4 12. Nxe4 d5 13. Nc3 Nf5 14.
Bxb6 axb6 15. Kb1 Nd6 16. f4 Na5 17. Qd4 Nc6 18. Qe3 Na5 19. Bh3 Nac4 20.
Qd4 b5 21. a3 Rf6 22. Bg4 Qf8 23. Rhe1 Nxb2 24. Kxb2 Nc4+ 25. Kb1 Qxa3 26.
Nxb5 Qa2+ 27. Kc1 Bd7 28. Nc7 Qa3+ 29. Kb1 Qa2+ 30. Kc1 Qa3+ 1/2-1/2

[Event "Brugge op"]
[Site "Brugge"]
[Date "1995.12.??"]
[Round "?"]
[White "Van de Berkmortel, Theo"]
[Black "Beikert, Guenther"]
[Result "0-1"]
[WhiteElo "2280"]
[BlackElo "2455"]

1. e4 e6 2. d4 c5 3. Nf3 cxd4 4. Nxd4 Bc5 5. Nb3 Bb6 6. c4 Ne7 7. Nc3 O-O
8. Be2 Nbc6 9. O-O f5 10. Be3 f4 11. Bxb6 Qxb6 12. Qd6 Ng6 13. Rad1 Nge5
14. c5 Qd8 15. f3 Qg5 16. Nb5 b6 17. Nc7 Rb8 18. Bb5 Nf7 19. Qd2 bxc5 20.
Bxc6 dxc6 21. Qe2 Rb6 22. Na5 Qe7 23. Nc4 Rb8 0-1

[Event "CRO-ch"]
[Site "Pula"]
[Date "1996.??.??"]
[Round "?"]
[White "Zaja, Ivan"]
[Black "Bukal, Vladimir Jr"]
[Result "1-0"]
[WhiteElo "2405"]
[BlackElo "2340"]

1. e4 c5 2. Nf3 e6 3. d4 cxd4 4. Nxd4 Bc5 5. Nb3 Bb6 6. Nc3 Ne7 7. Bd3 Nbc6
8. f4 O-O 9. e5 Nb4 10. Be4 f6 11. a3 Nbc6 12. Qd3 f5 13. Bf3 g5 14. g3 Ng6
15. h4 g4 16. Bg2 Re8 17. h5 Nh8 18. Be3 d5 19. exd6 Bxe3 20. Qxe3 Qxd6 21.
Nb5 Qe7 22. O-O-O Nf7 23. h6 a6 24. Bxc6 bxc6 25. N5d4 c5 26. Nc6 Qc7 27.
Ne5 c4 28. Nc5 Nxe5 29. fxe5 Kh8 30. Rd6 Qf7 31. Rhd1 Ra7 32. Rd8 Re7 33.
Qg5 c3 34. b4 Qf8 35. R8d3 Qf7 36. Rxc3 Rg8 37. Qf4 Bb7 38. Rd6 Bd5 39.
Rxa6 Qh5 40. Rd3 Qh1+ 41. Kb2 Qe1 42. Rxd5 exd5 43. e6 Rf8 44. Qxf5 1-0

[Event "op Aberdeen SCO"]
[Site "?"]
[Date "1996.??.??"]
[Round "?"]
[White "Lalic, Bogdan"]
[Black "McKenzie, Peter"]
[Result "1-0"]
[WhiteElo "2575"]
[BlackElo "2265"]

1. Nf3 c5 2. e4 e6 3. d4 cxd4 4. Nxd4 Bc5 5. Nb3 Bb6 6. Nc3 Nc6 7. Bd3 Nge7
8. Qe2 O-O 9. e5 Ng6 10. f4 d6 11. exd6 Qxd6 12. Rf1 Bd7 13. Be3 Bxe3 14.
Qxe3 e5 15. f5 Nf4 16. O-O-O Nb4 17. Be4 Qh6 18. Rxd7 Ne2+ 19. Kd2 Nf4 20.
Re1 Rfd8 21. Rxd8+ Rxd8+ 22. Kc1 Qxh2 23. a3 1-0

[Event "AUT-chT2W 9697"]
[Site "Austria"]
[Date "1996.??.??"]
[Round "1"]
[White "Grabher, Heinz"]
[Black "Poettinger, Harald"]
[Result "1-0"]
[WhiteElo "2260"]
[BlackElo "2245"]

1. e4 c5 2. Nf3 e6 3. d4 cxd4 4. Nxd4 Bc5 5. Nb3 Bb6 6. Nc3 Ne7 7. Bd3 O-O
8. Bg5 Nbc6 9. Qh5 f6 10. Bf4 a6 11. O-O d6 12. Rad1 Ne5 13. Kh1 Nf7 14.
Nd2 Ba5 15. Ne2 e5 16. Be3 b5 17. f4 Bb6 18. Rf3 Bxe3 19. Rxe3 exf4 20.
Nxf4 Ne5 21. Rg3 N7g6 22. Nd5 Be6 23. Nf3 Nxf3 24. gxf3 Ra7 25. Rdg1 Raf7
26. f4 f5 27. Rh3 Rf6 28. Qxh7+ Kf7 29. Nxf6 Qxf6 30. Rh6 1-0

[Event "YUG-chT"]
[Site "Vrnjacka Banja"]
[Date "1996.??.??"]
[Round "?"]
[White "Gojkovic, Petar"]
[Black "Nestorovic, Dejan"]
[Result "1/2-1/2"]
[WhiteElo "2340"]
[BlackElo "2310"]

1. e4 c5 2. Nf3 e6 3. d4 cxd4 4. Nxd4 Bc5 5. Nb3 Bb6 6. Nc3 Ne7 7. Bd3 O-O
8. Qh5 f5 9. f4 Nbc6 10. a3 d5 11. e5 a6 12. Bd2 Bd7 13. O-O-O Rc8 14. Kb1
Na5 15. g4 Be8 16. Qh4 Nc4 17. Ne2 Nxd2+ 18. Rxd2 Bg6 19. Nbd4 Qd7 20. gxf5
Nxf5 21. Nxf5 Bxf5 22. Bxf5 Rxf5 23. Ng3 Rf7 24. Nh5 Kh8 25. Rhd1 g6 26.
Nf6 Bd8 27. Qg4 Bxf6 28. exf6 Rc6 29. h4 Qd8 30. h5 Qxf6 31. hxg6 Qxg6 32.
Qh3 Qf5 33. Qg2 Rg7 34. Qh2 Rc4 35. Rf2 Rg4 36. Rdf1 b5 37. Ka2 a5 38. Qh6
b4 39. a4 Rc8 40. Re1 Rg6 41. Qh2 Rf8 42. Qh4 Rff6 43. Re5 Qg4 44. Qxg4
Rxg4 45. f5 Re4 46. fxe6 Rxe5 47. Rxf6 h5 48. e7 Rxe7 49. Ra6 h4 50. Rxa5
1/2-1/2

[Event "Spring op"]
[Site "Budapest"]
[Date "1996.??.??"]
[Round "8"]
[White "Czebe, Attila"]
[Black "Welling, Gerard"]
[Result "0-1"]
[WhiteElo "2325"]
[BlackElo "2395"]

1. e4 c5 2. Nf3 e6 3. d4 cxd4 4. Nxd4 Bc5 5. Nb3 Bb6 6. Bd3 Ne7 7. Nc3 O-O
8. Bg5 f6 9. Bh4 Nbc6 10. O-O d6 11. Na4 Bc7 12. c4 b6 13. Bg3 Bb7 14. c5
b5 15. Nc3 Ne5 16. Qe2 Bc6 17. Nd4 Bb7 18. Rfd1 N7c6 19. Nxc6 Bxc6 20. a4
b4 21. Nb1 Nxd3 22. Qxd3 f5 23. exf5 Rxf5 24. Nd2 Rxc5 25. Ne4 Rd5 26. Qe3
Rxd1+ 27. Rxd1 Bxa4 28. b3 Bc6 29. Nc5 0-1